[Event "Avoin SM / Naantalin turnaus 2015"]
[Site "Naantali kuparivuorentie 1 "]
[Date "2015.07.02"]
[Round "5.4"]
[White "Ahvenjarvi Jani"]
[Black "Nikolakaros Kimon"]
[Result "1-0"]
[WhiteElo "2278"]
[BlackElo "1917"]
[PlyCount "51"]
[EventDate "2015.06.29"]
[EventRounds "9"]
[EventCountry "FIN"]

1. e4 c5 2. Nf3 Nc6 3. d4 cxd4 4. Nxd4 Nf6 5. Nc3 e5 6. Ndb5 d6 7. Bg5 a6 8.
Na3 b5 9. Bxf6 gxf6 10. Nd5 f5 11. c3 Bg7 12. exf5 Bxf5 13. Nc2 O-O 14. Nce3
Be6 15. Bd3 f5 16. O-O Rb8 17. Qh5 e4 18. Bc2 h6 19. Nf4 Bf7 20. Qxf5 Bc4 21.
Qxe4 Bxf1 22. Qh7+ Kf7 23. Bg6+ Kf6 24. Ned5+ Kg5 25. Ne6+ Kh4 26. g3+ 1-0

[Event "Avoin SM / Naantalin turnaus 2015"]
[Site "Naantali kuparivuorentie 1 "]
[Date "2015.07.02"]
[Round "5.5"]
[White "Valkama Eero"]
[Black "Nisula Timo"]
[Result "1-0"]
[WhiteElo "2147"]
[BlackElo "1934"]
[PlyCount "83"]
[EventDate "2015.06.29"]
[EventRounds "9"]
[EventCountry "FIN"]

1. e4 e5 2. Nf3 Nc6 3. Bc4 Nf6 4. d3 Bc5 5. c3 a6 6. Bb3 Ba7 7. O-O O-O 8. Re1
d6 9. h3 Ne7 10. Nbd2 Ng6 11. Nf1 c6 12. Ng3 h6 13. d4 Qc7 14. Be3 Re8 15. Bc2
Be6 16. Qe2 b5 17. a4 Reb8 18. Bd3 Bd7 19. Ra2 c5 20. axb5 axb5 21. Rea1 c4 22.
dxe5 cxd3 23. Qxd3 Bxe3 24. Rxa8 Bxf2+ 25. Kxf2 dxe5 26. Qe3 Rxa8 27. Rxa8+ Kh7
28. Ra6 Qb7 29. Rb6 Qc7 30. Ra6 Qb7 31. Ra7 Qc8 32. Kg1 Qc4 33. Nd2 Qc8 34. Nf3
Be6 35. Ra1 Bd7 36. Rd1 Bc6 37. Qc5 Qa8 38. Nxe5 Nxe5 39. Qxe5 Bxe4 40. Nxe4
Qxe4 41. Qxe4+ Nxe4 42. Rd5 1-0

[Event "Avoin SM / Naantalin turnaus 2015"]
[Site "Naantali kuparivuorentie 1 "]
[Date "2015.07.02"]
[Round "5.6"]
[White "Mashiri Artur"]
[Black "Paronen Petteri"]
[Result "0-1"]
[WhiteElo "1972"]
[BlackElo "2154"]
[PlyCount "88"]
[EventDate "2015.06.29"]
[EventRounds "9"]
[EventCountry "FIN"]

1. c4 Nc6 2. Nc3 e5 3. g3 f5 4. Bg2 Nf6 5. d3 g6 6. Nh3 Bg7 7. Bg5 h6 8. Bd2
O-O 9. e3 d6 10. Nd5 a5 11. O-O Ne7 12. Nxf6+ Rxf6 13. f4 c6 14. Qc2 Rf8 15.
Rae1 Be6 16. Bc3 Qd7 17. Qd2 a4 18. Nf2 exf4 19. Bxg7 Kxg7 20. Qc3+ Kf7 21.
gxf4 d5 22. c5 d4 23. exd4 Bxa2 24. Re5 Rfe8 25. Rfe1 Ng8 26. Bh3 Rxe5 27. dxe5
Be6 28. Ra1 Qd5 29. Bg2 Qb3 30. Qd4 Ne7 31. Ra3 Qb5 32. Nd1 Ra5 33. Rc3 Ra8 34.
Qf2 Rd8 35. Qh4 Rxd3 36. Qf6+ Ke8 37. Rc1 Qb3 38. Nf2 Rd2 39. Re1 Kd7 40. Bf1
Qf3 41. Qh4 Bd5 42. e6+ Ke8 43. Qg3 Rxf2 44. Qxf3 Rxf3 0-1

[Event "Avoin SM / Naantalin turnaus 2015"]
[Site "Naantali kuparivuorentie 1 "]
[Date "2015.07.02"]
[Round "5.7"]
[White "Nieminen Markus"]
[Black "Heino Juha"]
[Result "0-1"]
[WhiteElo "1985"]
[BlackElo "2090"]
[PlyCount "60"]
[EventDate "2015.06.29"]
[EventRounds "9"]
[EventCountry "FIN"]

1. d4 d5 2. c4 e6 3. Nc3 Nf6 4. Bg5 Be7 5. e3 O-O 6. Nf3 b6 7. cxd5 Nxd5 8.
Nxd5 exd5 9. Bxe7 Qxe7 10. Bd3 Bg4 11. Rc1 c5 12. dxc5 bxc5 13. Qc2 Nd7 14.
Bxh7+ Kh8 15. Bf5 Bxf3 16. gxf3 Rab8 17. O-O Rb6 18. f4 Rfb8 19. b3 Rh6 20. Qe2
Rbb6 21. f3 Nf8 22. Rf2 Ng6 23. Qc2 Qxe3 24. Qxc5 Qxf4 25. Qc8+ Kh7 26. Re1 Rf6
27. Bc2 Re6 28. Rxe6 fxe6 29. Qxe6 Qc1+ 30. Kg2 Qxc2 0-1

[Event "Avoin SM / Naantalin turnaus 2015"]
[Site "Naantali kuparivuorentie 1 "]
[Date "2015.07.02"]
[Round "5.8"]
[White "Haanpaa Jorma"]
[Black "Luodonpaa Martti"]
[Result "1/2-1/2"]
[WhiteElo "2009"]
[BlackElo "1913"]
[PlyCount "65"]
[EventDate "2015.06.29"]
[EventRounds "9"]
[EventCountry "FIN"]

1. e4 e6 2. d4 d5 3. Nc3 dxe4 4. Nxe4 Nd7 5. Nf3 Ngf6 6. Nxf6+ Nxf6 7. Bd3 c5
8. O-O cxd4 9. Nxd4 Bc5 10. Nb3 Bb6 11. Bg5 O-O 12. Qf3 Qd5 13. Qxd5 Nxd5 14.
c4 Nf6 15. Bf4 a6 16. Rac1 Re8 17. Rfe1 e5 18. c5 Bc7 19. Bg3 Bd7 20. Re2 Nh5
21. Be4 Nxg3 22. hxg3 Bc6 23. Bxc6 bxc6 24. Rce1 Kf8 25. Nd2 Rad8 26. Nc4 f6
27. Re3 Rd5 28. b4 Rd4 29. Rc1 Rb8 30. Rb3 Ke7 31. Kf1 h5 32. Ke2 g6 33. Ke3
1/2-1/2

[Event "Avoin SM / Naantalin turnaus 2015"]
[Site "Naantali kuparivuorentie 1 "]
[Date "2015.07.02"]
[Round "5.11"]
[White "Aakio Seppo"]
[Black "Reed Darren"]
[Result "1/2-1/2"]
[WhiteElo "2083"]
[BlackElo "1981"]
[PlyCount "132"]
[EventDate "2015.06.29"]
[EventRounds "9"]
[EventCountry "FIN"]

1. e4 d5 2. exd5 Qxd5 3. Nc3 Qd6 4. d4 Nf6 5. Nf3 a6 6. g3 Bg4 7. h3 Bh5 8. Bg2
Nc6 9. O-O e6 10. a3 Be7 11. Bf4 Bxf3 12. Qxf3 Qd7 13. Rad1 O-O 14. d5 exd5 15.
Nxd5 Nxd5 16. Rxd5 Qc8 17. Rfd1 Rd8 18. g4 Rxd5 19. Rxd5 Nd8 20. Bf1 Ne6 21.
Be3 c6 22. Rf5 Qe8 23. Bc4 Bd6 24. Qe4 Rd8 25. f4 Rd7 26. Rxf7 Rxf7 27. Qxe6
Qxe6 28. Bxe6 Kf8 29. Bxf7 Kxf7 30. Kf2 Ke6 31. Ke2 Kd5 32. Kd3 g6 33. c4+ Ke6
34. a4 Kf7 35. b3 Bb4 36. Ke4 Ke7 37. Bd4 Ke6 38. f5+ gxf5+ 39. gxf5+ Kf7 40.
c5 Be1 41. Kd3 Ba5 42. Be5 Ke7 43. Kc4 Kf7 44. b4 Bd8 45. b5 axb5+ 46. axb5 Ba5
47. bxc6 bxc6 48. Kd3 Bb4 49. Bd4 Ba5 50. Ke2 Bd8 51. Kf3 Ba5 52. Kf4 Bd8 53.
Kg4 Bc7 54. Kg5 Ba5 55. f6 Bd2+ 56. Kf5 Ba5 57. Be5 Bb4 58. Bd4 Ba5 59. h4 Be1
60. h5 Ba5 61. Ke5 Bc7+ 62. Kf5 Ba5 63. Be5 Bb4 64. Bd6 Bc3 65. Be7 Bd4 66. Kg5
Be3+ 1/2-1/2

[Event "Avoin SM / Naantalin turnaus 2015"]
[Site "Naantali kuparivuorentie 1 "]
[Date "2015.07.02"]
[Round "6.1"]
[White "Topi-Hulmi Teemu"]
[Black "Kiik Kalle"]
[Result "0-1"]
[WhiteElo "2241"]
[BlackElo "2369"]
[PlyCount "106"]
[EventDate "2015.06.29"]
[EventRounds "9"]
[EventCountry "FIN"]

1. e4 c5 2. Nc3 a6 3. a4 e6 4. Nge2 Nc6 5. g3 g6 6. Bg2 Bg7 7. O-O Nge7 8. d3
d6 9. Be3 O-O 10. d4 cxd4 11. Nxd4 Ne5 12. Qe2 Qc7 13. Rfd1 Bd7 14. Bf1 Rac8
15. Nb3 Rfe8 16. f4 N5c6 17. Qd2 d5 18. a5 Qb8 19. Bb6 Na7 20. Nc5 Bc6 21. Bg2
d4 22. Ne2 Nb5 23. Nb3 e5 24. fxe5 Qxe5 25. Qf4 Qxf4 26. gxf4 Nf5 27. Nexd4
Nfxd4 28. Nxd4 Nxd4 29. Bxd4 Bxe4 30. Bxe4 Rxe4 31. Bxg7 Kxg7 32. c3 Rc7 33.
Rf1 Rc5 34. Rf3 Rd5 35. b4 Kf6 36. Ra2 Kf5 37. Kg2 f6 38. Kg3 h5 39. Rc2 Rc4
40. Re2 Rd7 41. Ree3 Re4 42. h4 Rd1 43. Rxe4 Kxe4 44. f5 g5 45. hxg5 h4+ 46.
Kg2 Rd2+ 47. Rf2 Rxf2+ 48. Kxf2 Kxf5 49. c4 fxg5 50. c5 Ke6 51. b5 axb5 52. c6
Kd6 53. a6 bxa6 0-1

[Event "Avoin SM / Naantalin turnaus 2015"]
[Site "Naantali kuparivuorentie 1 "]
[Date "2015.07.02"]
[Round "6.2"]
[White "Ronka Erik"]
[Black "Sisatto Olli"]
[Result "1/2-1/2"]
[WhiteElo "2189"]
[BlackElo "2254"]
[PlyCount "75"]
[EventDate "2015.06.29"]
[EventRounds "9"]
[EventCountry "FIN"]

1. d4 d5 2. c4 e6 3. Nc3 Nf6 4. cxd5 exd5 5. Bg5 c6 6. Qc2 Be7 7. e3 Nbd7 8.
Bd3 Nh5 9. Bxe7 Qxe7 10. Nf3 Nf4 11. Bf1 Nb6 12. O-O-O Ng6 13. h3 Be6 14. Kb1
O-O-O 15. Bd3 Kb8 16. Rc1 Nh4 17. Ne1 g6 18. g3 Nf5 19. g4 Nd6 20. Nf3 h5 21.
Ne5 hxg4 22. hxg4 Nd7 23. f4 Nxe5 24. dxe5 Rxh1 25. Rxh1 Ne4 26. Bxe4 dxe4 27.
Nxe4 Bxg4 28. Nd6 f6 29. Qxg6 fxe5 30. Nxb7 Qd7 31. Nd6 Bf3 32. Rh6 exf4 33.
exf4 Qe7 34. Qe6 Qxe6 35. Rxe6 Kc7 36. Ne4 Rd4 37. Ng5 Rxf4 38. Nxf3 1/2-1/2

[Event "Avoin SM / Naantalin turnaus 2015"]
[Site "Naantali kuparivuorentie 1 "]
[Date "2015.07.02"]
[Round "6.3"]
[White "Hurme Harri"]
[Black "Ahvenjarvi Jani"]
[Result "1/2-1/2"]
[WhiteElo "2169"]
[BlackElo "2278"]
[PlyCount "148"]
[EventDate "2015.06.29"]
[EventRounds "9"]
[EventCountry "FIN"]

1. d4 Nf6 2. c4 e6 3. Nc3 Bb4 4. Qc2 d5 5. cxd5 Qxd5 6. Nf3 Qf5 7. Qxf5 exf5 8.
Bd2 c6 9. e3 Nbd7 10. a3 Bd6 11. Bd3 Nb6 12. O-O O-O 13. Rae1 h6 14. Nh4 g6 15.
f3 Be7 16. g3 Be6 17. Ng2 Rad8 18. Nf4 Bc4 19. Bc1 Kg7 20. Rf2 Bxd3 21. Nxd3 h5
22. b3 Kg8 23. a4 Rfe8 24. Ra2 Nbd5 25. Nxd5 cxd5 26. Rc2 Rc8 27. Ree2 Bd6 28.
Kf2 Kf8 29. Ne1 Ke7 30. Rxc8 Rxc8 31. Rc2 Rg8 32. Nd3 h4 33. Bd2 hxg3+ 34. hxg3
g5 35. Bb4 Bxb4 36. Nxb4 Kd6 37. Nd3 g4 38. Nc5 b6 39. Nd3 gxf3 40. Kxf3 Ne4
41. Ne5 f6 42. Rc6+ Ke7 43. Nd3 Kd7 44. Rc1 Rxg3+ 45. Kf4 Rh3 46. Nb4 Nd2 47.
Kxf5 Nxb3 48. Re1 Kd6 49. Kxf6 Nd2 50. Kf5 Rf3+ 51. Kg4 Rf7 52. Nd3 Nc4 53. Nf4
Re7 54. Kf3 Kc6 55. Nd3 a5 56. Nf4 Re8 57. Kf2 Re7 58. Rc1 Re8 59. Rh1 Nxe3 60.
Rh6+ Kb7 61. Rh7+ Kb8 62. Rh5 Nd1+ 63. Kf3 Nc3 64. Nxd5 Nxa4 65. Rh7 Re6 66.
Nc7 Rg6 67. Ke4 Nb2 68. d5 a4 69. Nb5 Nc4 70. Kd4 Nd6 71. Nxd6 Rxd6 72. Kc4 a3
73. Kb3 a2 74. Kxa2 Rxd5 1/2-1/2

[Event "Avoin SM / Naantalin turnaus 2015"]
[Site "Naantali kuparivuorentie 1 "]
[Date "2015.07.02"]
[Round "6.4"]
[White "Paronen Petteri"]
[Black "Valkama Eero"]
[Result "0-1"]
[WhiteElo "2154"]
[BlackElo "2147"]
[PlyCount "52"]
[EventDate "2015.06.29"]
[EventRounds "9"]
[EventCountry "FIN"]

1. e4 e5 2. Nf3 Nc6 3. d4 exd4 4. Nxd4 Nf6 5. Nxc6 bxc6 6. e5 Qe7 7. Qe2 Nd5 8.
c4 Nb6 9. b3 g6 10. Bb2 Bg7 11. Nd2 O-O 12. O-O-O d5 13. Qe1 a5 14. a3 Be6 15.
h4 a4 16. b4 c5 17. Nf3 dxc4 18. bxc5 Qxc5 19. Rd4 Nd7 20. Re4 Bd5 21. Re2 Rab8
22. h5 Bh6+ 23. Kd1 Rxb2 24. Rxb2 c3 25. Rc2 Bb3 26. hxg6 Qd5+ 0-1

[Event "Avoin SM / Naantalin turnaus 2015"]
[Site "Naantali kuparivuorentie 1 "]
[Date "2015.07.02"]
[Round "6.5"]
[White "Heino Juha"]
[Black "Haanpaa Jorma"]
[Result "1/2-1/2"]
[WhiteElo "2090"]
[BlackElo "2009"]
[PlyCount "25"]
[EventDate "2015.06.29"]
[EventRounds "9"]
[EventCountry "FIN"]

1. e4 e6 2. d4 d5 3. Nd2 dxe4 4. Nxe4 Nd7 5. Nf3 Ngf6 6. Ng3 c5 7. Be2 a6 8.
O-O cxd4 9. Nxd4 Bc5 10. c3 O-O 11. Nb3 Ba7 12. Qc2 Qc7 13. Nd2 1/2-1/2

[Event "Avoin SM / Naantalin turnaus 2015"]
[Site "Naantali kuparivuorentie 1 "]
[Date "2015.07.02"]
[Round "6.6"]
[White "Luodonpaa Martti"]
[Black "Linden Lari"]
[Result "0-1"]
[WhiteElo "1913"]
[BlackElo "2114"]
[PlyCount "98"]
[EventDate "2015.06.29"]
[EventRounds "9"]
[EventCountry "FIN"]

1. Nf3 Nf6 2. c4 g6 3. g3 Bg7 4. Bg2 O-O 5. O-O d6 6. Nc3 Nbd7 7. Rb1 a5 8. a3
e5 9. d3 Nh5 10. b4 axb4 11. axb4 f5 12. Qb3 Kh8 13. Ng5 Ndf6 14. c5 Qe7 15.
cxd6 cxd6 16. Nd5 Nxd5 17. Bxd5 h6 18. Ne6 Bxe6 19. Bxe6 Nf6 20. Bd5 Nxd5 21.
Qxd5 Rfc8 22. Qb3 Qd7 23. Bb2 d5 24. Rbc1 Qb5 25. Rxc8+ Rxc8 26. Ra1 Qd7 27.
Ra5 b5 28. f4 exf4 29. Bxg7+ Kxg7 30. Qb2+ Kh7 31. gxf4 d4 32. Qa2 Rc1+ 33. Kf2
Qe7 34. Ra7 Rc7 35. Rxc7 Qxc7 36. Qe6 Qxf4+ 37. Ke1 h5 38. Qe7+ Kh6 39. h4 Qc1+
40. Kf2 Qe3+ 41. Qxe3+ dxe3+ 42. Kxe3 g5 43. d4 gxh4 44. Kf4 Kg6 45. Kf3 Kf6
46. Kg2 Ke6 47. Kh3 Kd5 48. Kxh4 Kxd4 49. Kxh5 Ke3 0-1

[Event "Avoin SM / Naantalin turnaus 2015"]
[Site "Naantali kuparivuorentie 1 "]
[Date "2015.07.02"]
[Round "6.7"]
[White "Pelto Juho"]
[Black "Riihimaki Pekka"]
[Result "1/2-1/2"]
[WhiteElo "2058"]
[BlackElo "1960"]
[PlyCount "61"]
[EventDate "2015.06.29"]
[EventRounds "9"]
[EventCountry "FIN"]

1. e4 c5 2. c3 Nf6 3. e5 Nd5 4. d4 cxd4 5. Nf3 Nc6 6. cxd4 d6 7. Bc4 Nb6 8. Bb3
dxe5 9. d5 Na5 10. Nc3 Bg4 11. Ba4+ Nxa4 12. Qxa4+ Bd7 13. Qe4 f6 14. O-O Rc8
15. Be3 b6 16. Nd2 Qc7 17. f4 Nc4 18. Nxc4 Qxc4 19. Qxc4 Rxc4 20. fxe5 fxe5 21.
Rae1 g6 22. Bf2 Rxc3 23. bxc3 Bb5 24. Rxe5 Bxf1 25. Kxf1 Bg7 26. Re3 Kd7 27. c4
Rf8 28. Re4 Rf5 29. Ke2 Be5 30. h3 Bd6 31. Be3 1/2-1/2

[Event "Avoin SM / Naantalin turnaus 2015"]
[Site "Naantali kuparivuorentie 1 "]
[Date "2015.07.02"]
[Round "6.9"]
[White "Ruotanen Helge"]
[Black "Aakio Seppo"]
[Result "0-1"]
[WhiteElo "1924"]
[BlackElo "2083"]
[PlyCount "112"]
[EventDate "2015.06.29"]
[EventRounds "9"]
[EventCountry "FIN"]

1. e4 d6 2. Nc3 c6 3. d3 e5 4. Be3 Nf6 5. f3 d5 6. d4 Bd6 7. Be2 O-O 8. Qd2
dxe4 9. Nxe4 Nxe4 10. fxe4 Qh4+ 11. Bf2 Qxe4 12. O-O-O exd4 13. Kb1 c5 14. Bg3
Be7 15. Bf4 Nc6 16. Bd3 Qd5 17. c4 Qh5 18. Ka1 Bf5 19. g4 Qxg4 20. Be2 Qg6 21.
Nf3 Qe6 22. Rde1 Qd7 23. a3 Bf6 24. Bd3 Rfe8 25. Reg1 Kh8 26. Rg3 Ne5 27. Nxe5
Bxe5 28. Rhg1 Bg6 29. h4 Bxf4 30. Qxf4 Bxd3 31. Rxd3 Qe7 32. Rdg3 Rg8 33. Rg5
Rae8 34. Qg4 f6 35. Rh5 g6 36. Rh6 f5 37. Qg5 Qxg5 38. hxg5 Rg7 39. Kb1 Re4 40.
Kc2 Kg8 41. b4 cxb4 42. axb4 Rd7 43. Ra1 d3+ 44. Kc3 a6 45. Rhh1 Rdd4 46. b5 d2
47. bxa6 bxa6 48. c5 Rd5 49. c6 Rg4 50. c7 Rc5+ 51. Kxd2 Rxc7 52. Rxa6 Rxg5 53.
Ke3 Rg4 54. Rb1 Kg7 55. Rb8 Rh4 56. Raa8 Kh6 0-1

[Event "Avoin SM / Naantalin turnaus 2015"]
[Site "Naantali kuparivuorentie 1 "]
[Date "2015.07.02"]
[Round "6.10"]
[White "Nikolakaros Kimon"]
[Black "Kotilainen Ari"]
[Result "1-0"]
[WhiteElo "1917"]
[BlackElo "2019"]
[PlyCount "95"]
[EventDate "2015.06.29"]
[EventRounds "9"]
[EventCountry "FIN"]

1. e4 c6 2. d4 d5 3. Nc3 dxe4 4. Nxe4 g6 5. Nf3 Bg7 6. Be3 Nd7 7. Qd2 Ngf6 8.
Nxf6+ Nxf6 9. O-O-O Ne4 10. Qe1 Nd6 11. Be2 Be6 12. Kb1 a5 13. h4 h5 14. Ne5
Nf5 15. Bf4 Qb6 16. c3 Bf6 17. g3 a4 18. Bf3 Nd6 19. d5 Bf5+ 20. Ka1 a3 21. b3
c5 22. Rd2 Qa5 23. Re2 O-O 24. Bd2 c4 25. b4 Qc7 26. Rg1 Bd3 27. g4 Bxe2 28.
Qxe2 Nb5 29. Bf4 Nxc3 30. Qe3 Nb5 31. gxh5 Nd6 32. hxg6 fxg6 33. Rxg6+ Bg7 34.
Bh6 Nf5 35. Rxg7+ Nxg7 36. Bxg7 Kxg7 37. Qg5+ Kh8 38. Qh6+ Kg8 39. Qe6+ Kh7 40.
Qg6+ Kh8 41. Qh5+ Kg8 42. Qg5+ Kh8 43. Ng6+ Kh7 44. Nxf8+ Kh8 45. Qh6+ Kg8 46.
Qh7+ Kxf8 47. Qh8+ Kf7 48. Bh5# 1-0

[Event "Heart of Finland 2015"]
[Site "Jyvaskyla"]
[Date "2015.07.13"]
[Round "1.1"]
[White "Tiitta Sauli"]
[Black "Kulaots Kaido"]
[Result "0-1"]
[WhiteElo "2245"]
[BlackElo "2574"]
[PlyCount "44"]
[EventDate "2015.??.??"]
[WhiteClock "0:31:55"]
[BlackClock "0:19:55"]

1. g4 d5 2. Bg2 c6 3. c4 dxc4 4. h3 e5 5. Qc2 Be6 6. Nf3 Nd7 7. Na3 b5 8. b3 h5
9. g5 Qa5 10. Qb2 Ne7 11. O-O Ng6 12. bxc4 b4 13. Nb1 e4 14. Nd4 Bxh3 15. f4
Bxg2 16. Kxg2 Nxf4+ 17. Kf2 Qxg5 18. d3 Ne5 19. Bxf4 Qxf4+ 20. Ke1 Qe3 21. Kd1
exd3 22. exd3 O-O-O 0-1

[Event "Heart of Finland 2015"]
[Site "Jyvaskyla"]
[Date "2015.07.13"]
[Round "1.2"]
[White "Alekseenko Kirill"]
[Black "Nevanlinna Risto"]
[Result "1-0"]
[WhiteElo "2513"]
[BlackElo "2244"]
[PlyCount "51"]
[EventDate "2015.??.??"]
[WhiteClock "1:27:18"]
[BlackClock "1:19:07"]

1. b3 d5 2. Bb2 Bf5 3. e3 e6 4. Nf3 Nf6 5. Be2 h6 6. O-O Nbd7 7. d4 Be7 8. Nbd2
O-O 9. c4 c6 10. Ne5 Nxe5 11. dxe5 Nd7 12. cxd5 cxd5 13. Nf3 Rc8 14. Nd4 Bg6
15. f4 Qb6 16. Bg4 Nc5 17. f5 exf5 18. Bxf5 Rcd8 19. Kh1 Rfe8 20. e6 Bf6 21.
Qg4 Nxe6 22. Bxg6 fxg6 23. Rxf6 gxf6 24. Qxg6+ Ng7 25. Nf5 Qc7 26. Bxf6 1-0

[Event "Heart of Finland 2015"]
[Site "Jyvaskyla"]
[Date "2015.07.13"]
[Round "1.3"]
[White "Mertanen Janne"]
[Black "Moiseenko Vadim"]
[Result "1/2-1/2"]
[WhiteElo "2228"]
[BlackElo "2494"]
[PlyCount "132"]
[EventDate "2015.??.??"]

1. d4 d6 2. Nf3 f5 3. Nc3 g6 4. e4 fxe4 5. Nxe4 Bg7 6. Bd3 Nf6 7. Nxf6+ exf6 8.
O-O O-O 9. c3 Be6 10. Re1 Qd7 11. Qc2 Nc6 12. h4 Rae8 13. Bd2 Bd5 14. Be4 Rxe4
15. Rxe4 Qf5 16. Rae1 Bxe4 17. Qxe4 Qxe4 18. Rxe4 d5 19. Re1 Kf7 20. Kf1 a5 21.
Bf4 Rc8 22. a4 Nd8 23. Ke2 Ne6 24. Be3 Bf8 25. Rc1 c6 26. Nd2 Bd6 27. c4 Re8
28. c5 Bc7 29. Kd3 Ke7 30. Nb3 Kd7 31. g3 f5 32. Bd2 Ra8 33. Rh1 b6 34. cxb6
Bxb6 35. h5 g5 36. h6 Bd8 37. Bc3 Rb8 38. Kc2 Bc7 39. Rd1 Ra8 40. Rh1 Re8 41.
Rd1 Ra8 42. Rh1 Rf8 43. Rd1 f4 44. g4 Ra8 45. f3 Bb6 46. Re1 Nd8 47. Re5 Nf7
48. Re1 Nd6 49. Nc5+ Bxc5 50. dxc5 Nc4 51. Bd4 Rg8 52. b3 Ne3+ 53. Bxe3 fxe3
54. Rxe3 Rg6 55. Re5 Rxh6 56. Rxg5 Rf6 57. Rg7+ Ke6 58. Rxh7 Rxf3 59. Rh6+ Ke5
60. Rxc6 Kd4 61. Rc8 Rf2+ 62. Kb1 Kc3 63. c6 d4 64. Rd8 Rf1+ 65. Ka2 Rf2+ 66.
Kb1 Rf1+ 1/2-1/2

[Event "Heart of Finland 2015"]
[Site "Jyvaskyla"]
[Date "2015.07.13"]
[Round "1.4"]
[White "Solozhenkin Evgeni"]
[Black "Ebeling Mika"]
[Result "1/2-1/2"]
[WhiteElo "2464"]
[BlackElo "2227"]
[PlyCount "73"]
[EventDate "2015.??.??"]

1. e4 e5 2. Nf3 Nf6 3. Nc3 Nc6 4. Bb5 Bb4 5. O-O O-O 6. d3 d6 7. Bg5 Bxc3 8.
bxc3 Qe7 9. Re1 Nd8 10. d4 Ne6 11. Bc1 c6 12. Bf1 Qc7 13. a4 h6 14. g3 Re8 15.
Bg2 Bd7 16. h3 Rac8 17. a5 c5 18. d5 Nf8 19. c4 b5 20. cxb5 Bxb5 21. Nh4 Rb8
22. f4 exf4 23. gxf4 Bd7 24. Bd2 Qd8 25. Nf5 Bxf5 26. exf5 Qd7 27. Rxe8 Rxe8
28. Rb1 Qxf5 29. Rb7 Ng6 30. Rxa7 Nxf4 31. Bxf4 Qxf4 32. Rb7 Qa4 33. Qd2 Qa1+
34. Kh2 Qe5+ 35. Kg1 Qa1+ 36. Kh2 Qe5+ 37. Kg1 1/2-1/2

[Event "Heart of Finland 2015"]
[Site "Jyvaskyla"]
[Date "2015.07.13"]
[Round "1.5"]
[White "Pershin Denis"]
[Black "Agopov Mikael"]
[Result "0-1"]
[WhiteElo "2222"]
[BlackElo "2458"]
[PlyCount "70"]
[EventDate "2015.??.??"]
[WhiteClock "0:12:42"]
[BlackClock "0:07:23"]

1. e4 c5 2. Nf3 Nc6 3. d4 cxd4 4. Nxd4 e6 5. Nc3 Qc7 6. Be2 a6 7. O-O Nf6 8.
Be3 d6 9. f4 Be7 10. Kh1 O-O 11. Qe1 Nxd4 12. Bxd4 b5 13. Qg3 Bb7 14. a3 Rad8
15. Rae1 Rd7 16. Bd3 Qd8 17. Qh3 g6 18. Re3 Re8 19. Rg3 Bf8 20. f5 Bg7 21. fxe6
Rxe6 22. Rgf3 Nxe4 23. Nxe4 Bxe4 24. Rxf7 Bxg2+ 25. Kxg2 Qg5+ 26. Kh1 Qd5+ 27.
R7f3 Bxd4 28. Qg2 Re5 29. c3 Be3 30. Bxg6 hxg6 31. Qxg6+ Rg7 32. Qf6 Reg5 33.
Qf8+ Kh7 34. h4 Rg1+ 35. Kh2 Rxf1 0-1

[Event "Heart of Finland 2015"]
[Site "Jyvaskyla"]
[Date "2015.07.13"]
[Round "1.7"]
[White "Chernyak Viktoria"]
[Black "Seeman Tarvo"]
[Result "1/2-1/2"]
[WhiteElo "2136"]
[BlackElo "2414"]
[PlyCount "62"]
[EventDate "2015.??.??"]
[WhiteClock "0:32:49"]
[BlackClock "0:33:23"]

1. Nf3 g6 2. g3 Bg7 3. Bg2 Nf6 4. d3 d5 5. O-O O-O 6. Nbd2 d4 7. Nc4 Nd5 8. Rb1
c5 9. e4 dxe3 10. Nxe3 Nc6 11. a3 a5 12. Nxd5 Qxd5 13. Be3 Qd6 14. Nd2 b6 15.
Nc4 Qc7 16. b4 axb4 17. axb4 cxb4 18. Bxb6 Qd7 19. Rxb4 Nxb4 20. Bxa8 Qa4 21.
Bg2 Qxc2 22. Bc5 Qxd3 23. Bxb4 Qxc4 24. Bxe7 Re8 25. Qd6 Be6 26. Bg5 Bf8 27.
Qc6 Qxc6 28. Bxc6 Rc8 29. Bf3 Rc2 30. Rc1 Ra2 31. Be3 h5 1/2-1/2

[Event "Heart of Finland 2015"]
[Site "Jyvaskyla"]
[Date "2015.07.13"]
[Round "1.11"]
[White "Anttila Perttu"]
[Black "Luukkonen Tommi"]
[Result "1-0"]
[WhiteElo "2161"]
[BlackElo "2348"]
[PlyCount "79"]
[EventDate "2015.??.??"]

1. d4 Nf6 2. c4 g6 3. Nc3 Bg7 4. e4 O-O 5. Nf3 d6 6. Be2 e5 7. d5 a5 8. O-O Na6
9. a3 Nc5 10. Qc2 a4 11. Be3 Qe8 12. Nd2 Ng4 13. Bxg4 Bxg4 14. b4 axb3 15. Nxb3
Na4 16. f3 Bd7 17. c5 f5 18. Rfb1 Qe7 19. Nd2 Nxc5 20. Bxc5 dxc5 21. Rxb7 Bc8
22. Rb2 c4 23. Nb5 c6 24. d6 Qf7 25. Nc7 fxe4 26. fxe4 Qf2+ 27. Kh1 Rxa3 28.
Qxc4+ Kh8 29. Rf1 Qxf1+ 30. Nxf1 Rc3 31. Qe2 Rc1 32. Kg1 Bg4 33. Qd3 Rd1 34.
Qxd1 Bxd1 35. Ne6 Rg8 36. d7 Bf6 37. Ne3 Ba4 38. Ng4 Be7 39. Nxe5 h6 40. Rb7
1-0

[Event "Heart of Finland 2015"]
[Site "Jyvaskyla"]
[Date "2015.07.13"]
[Round "1.12"]
[White "Wallner Joachim"]
[Black "Joentausta Hannu"]
[Result "1-0"]
[WhiteElo "2345"]
[BlackElo "2147"]
[PlyCount "93"]
[EventDate "2015.??.??"]

1. Nf3 Nf6 2. b3 d6 3. g3 e5 4. Bg2 Nc6 5. c4 Be7 6. Nc3 O-O 7. O-O Bg4 8. h3
Be6 9. d4 exd4 10. Nxd4 Nxd4 11. Qxd4 c6 12. Bb2 Qb6 13. Qxb6 axb6 14. f4 Ra6
15. f5 Bd7 16. g4 h6 17. Rfd1 Rfa8 18. a4 Bc8 19. Ba3 Ne8 20. Ra2 Kf8 21. e3
Ra5 22. Kf2 h5 23. Bb4 Re5 24. Ne4 hxg4 25. hxg4 g6 26. Bc3 gxf5 27. Bxe5 dxe5
28. gxf5 Bxf5 29. Ng3 Be6 30. Be4 b5 31. Bf5 Ng7 32. Bxe6 Nxe6 33. cxb5 cxb5
34. Rd5 bxa4 35. Rxa4 Rxa4 36. bxa4 f6 37. Rb5 Nc5 38. a5 Ke8 39. Kf3 Kd7 40.
Ne4 Kc6 41. Rb6+ Kc7 42. Nxf6 Bxf6 43. Rxf6 Nb3 44. a6 bxa6 45. Rxa6 Nc5 46.
Rh6 Kd7 47. Kg4 1-0

[Event "Heart of Finland 2015"]
[Site "Jyvaskyla"]
[Date "2015.07.13"]
[Round "1.13"]
[White "Ristoja Samu"]
[Black "Lobanov Sergei"]
[Result "0-1"]
[WhiteElo "2144"]
[BlackElo "2342"]
[PlyCount "84"]
[EventDate "2015.??.??"]
[WhiteClock "0:31:52"]
[BlackClock "0:53:21"]

1. e4 c5 2. Nf3 d6 3. Bb5+ Bd7 4. Bxd7+ Qxd7 5. O-O Nf6 6. Qe2 Nc6 7. Rd1 e6 8.
d4 cxd4 9. Nxd4 Be7 10. c4 Rc8 11. Nc3 a6 12. b3 b5 13. Ba3 bxc4 14. Nxc6 Qxc6
15. e5 dxe5 16. Bxe7 Kxe7 17. Qxe5 cxb3 18. axb3 Rhd8 19. Ne2 Qb5 20. Qxb5 axb5
21. Ra7+ Ke8 22. Rxd8+ Rxd8 23. g3 Rd1+ 24. Kg2 Nd5 25. b4 Rd2 26. Kf3 g5 27.
g4 Nxb4 28. Ng3 Nc6 29. Rc7 Ne5+ 30. Ke3 Rd7 31. Rc5 Nxg4+ 32. Kf3 Nxh2+ 33.
Kg2 Ng4 34. Rxg5 f5 35. Rg8+ Kf7 36. Rb8 Rd2 37. Nh1 Rb2 38. Kg3 Rb1 39. Kg2
Kf6 40. f3 Ne3+ 41. Kh2 h5 42. Nf2 Rf1 0-1

[Event "Heart of Finland 2015"]
[Site "Jyvaskyla"]
[Date "2015.07.13"]
[Round "1.14"]
[White "Koykka Pekka"]
[Black "Reshetov Valery"]
[Result "1-0"]
[WhiteElo "2303"]
[BlackElo "2129"]
[PlyCount "55"]
[EventDate "2015.??.??"]

1. Nf3 Nf6 2. g3 d5 3. Bg2 c6 4. O-O Bf5 5. d3 e6 6. Nh4 Bd6 7. Nxf5 exf5 8. c4
dxc4 9. dxc4 O-O 10. Qc2 g6 11. Bg5 Be7 12. Rd1 Qb6 13. c5 Qa5 14. a3 Rd8 15.
Rc1 Na6 16. b4 Nxb4 17. Qc3 Qa4 18. axb4 Rd1+ 19. Bf1 Rxc1 20. Bxc1 Qd1 21. Bb2
Qd8 22. Na3 Qd2 23. Nc4 Qxc3 24. Bxc3 Nd5 25. Be1 b6 26. cxb6 axb6 27. Rb1 c5
28. b5 1-0